[Event "Cappelle op"]
[Site "Cappelle la Grande"]
[Date "1998.??.??"]
[Round "5"]
[White "Spraggett, Kevin"]
[Black "Grabliauskas, Virginijus"]
[Result "1-0"]
[WhiteElo "2565"]
[BlackElo "2465"]

1.e4 c5 2.Nf3 e6 3.d4 cxd4 4.Nxd4 Nc6 5.Nb5 d6 6.Bf4 e5 7.Be3 Nf6 8.Bg5 Qa5+
9.Qd2 Nxe4 10.Qxa5 Nxa5 11.Be3 Kd7 12.f3 Nf6 13.Bxa7 d5 14.f4 exf4 15.N1c3 Bb4
16.Bd4 Re8+ 17.Be2 f3 18.gxf3 Nh5 19.Kf2 Nc6 20.Nxd5 Nxd4 21.Nxd4 Bc5 22.Rhd1 Re5
23.c4 Ra4 24.b4 Rxd5 25.bxc5 Re5 26.f4 Nxf4 27.Nf3+ Ke6 28.Rd6+ Kf5 29.Nd4+  1-0

[Event "Ceske Budejovice op"]
[Site "Ceske Budejovice"]
[Date "1998.??.??"]
[Round "?"]
[White "Hermansson, Emil"]
[Black "Dovzik, Juri"]
[Result "1-0"]
[WhiteElo "2340"]
[BlackElo "2390"]

1.e4 c5 2.Nf3 e6 3.d4 cxd4 4.Nxd4 Nc6 5.Nb5 Nf6 6.Bf4 e5 7.Bg5 d6 8.N1c3 a6
9.Na3 b5 10.Bxf6 gxf6 11.Nd5 f5 12.Bd3 Be6 13.Qh5 Bg7 14.O-O f4 15.c4 bxc4
16.Bxc4 O-O 17.Rac1 Nd4 18.Nc2 Nxc2 19.Rxc2 Ra7 20.g4 h6 21.Rd1 a5 22.Rcd2 a4
23.b3 axb3 24.axb3 Qa8 25.h4 Qc8 26.f3 Qc5+ 27.Kg2 Bxd5 28.Bxd5 Rb8 29.g5 hxg5
30.hxg5 Kf8 31.Qh7 Qe3 32.Rc2 Re7 33.g6 Qa7  1-0

[Event "POL-ch sf"]
[Site "Czestochowa"]
[Date "1998.??.??"]
[Round "5"]
[White "Widera, Jan"]
[Black "Hnydiuk, Aleksander"]
[Result "1/2-1/2"]
[WhiteElo "2245"]
[BlackElo "2310"]

1.e4 c5 2.Nf3 e6 3.d4 cxd4 4.Nxd4 Nc6 5.Nb5 d6 6.c4 Nf6 7.N1c3 a6 8.Na3 Be7
9.Be2 O-O 10.O-O b6 11.Be3 Ne5 12.f3 Bb7 13.Qb3 Ned7 14.Rfd1 Qc7 15.Rac1 Rac8
16.Kh1 Rfe8 17.Bf1 Bf8 18.Bg1 g6 19.Nc2 Nc5 20.Qa3 d5 21.b4 dxe4 22.bxc5 exf3
23.Ne1 fxg2+ 24.Bxg2 Ng4 25.Na4 Bxg2+ 26.Nxg2 bxc5 27.Qf3 f5 28.h3 Nf6 29.Nc3 Qc6
30.Qe3 e5 31.Nd5 f4 32.Nxf6+ Qxf6 33.Qe4 Qf5 34.Qxf5 gxf5 35.Nh4 e4 36.Nxf5 Re5
37.Rd5 Rce8 38.Rcd1 e3 39.Kg2 Re4 40.Rc1 e2 41.Re1 Rxc4  1/2-1/2

[Event "Decin op-A"]
[Site "Decin"]
[Date "1998.??.??"]
[Round "3"]
[White "Hermansson, Emil"]
[Black "Lymar, Irina"]
[Result "0-1"]
[WhiteElo "2340"]
[BlackElo "2225"]

1.e4 c5 2.Nf3 e6 3.d4 cxd4 4.Nxd4 Nc6 5.Nb5 d6 6.c4 Nf6 7.N1c3 a6 8.Na3 b6
9.Be2 Bb7 10.O-O Nb8 11.f3 Nbd7 12.Bf4 Qc7 13.Qd2 Be7 14.Rfd1 Ne5 15.Rac1 O-O
16.Kh1 Kh8 17.Be3 Rg8 18.Na4 Nfd7 19.f4 Ng6 20.e5 Bxg2+ 21.Kxg2 Qc6+ 22.Kh3 Nh4
23.Bh5 g6 24.Nxb6 gxh5 25.Nd5 exd5 26.Bf2 dxe5 27.Qxd5 Qg6  0-1

[Event "Decin op-A"]
[Site "Decin"]
[Date "1998.??.??"]
[Round "9"]
[White "Hermansson, Emil"]
[Black "Al Khateeb, Ahmed"]
[Result "1/2-1/2"]
[WhiteElo "2340"]
[BlackElo "2275"]

1.e4 c5 2.Nf3 e6 3.d4 cxd4 4.Nxd4 Nc6 5.Nb5 d6 6.c4 Nf6 7.N1c3 a6 8.Na3 Be7
9.Be2 b6 10.O-O Bb7 11.Be3 O-O 12.Qb3 Nd7 13.Rfd1 Nc5 14.Qc2 Bf6 15.Rac1 Qe7
16.f3 Rfd8 17.Qd2 Nb4 18.Nc2 a5 19.Bf4 Be5 20.Bg5 Bf6 21.Bxf6 Qxf6 22.Ne3 Rd7
23.Rb1 h5 24.a3 Nb3 25.Qe1 Na6 26.Na4 Qd8 27.Qc3 Nbc5 28.Nxc5 bxc5 29.Rd2 Qb6
30.Rbd1 Rad8 31.e5 a4 32.exd6 Rxd6 33.Rxd6 Rxd6 34.Qe5 Rd4 35.Nc2 Rxd1+ 36.Bxd1 Qd8
37.Ne3 Qd4 38.f4 Be4 39.Qxd4 cxd4 40.Nf1 Nc5 41.Nd2 Bc6 42.b4 axb3 43.Nxb3 Nxb3
44.Bxb3 Kf8 45.Bd1 h4 46.a4  1/2-1/2

[Event "Dieren op"]
[Site "Dieren"]
[Date "1998.??.??"]
[Round "2"]
[White "Van Helvoort, R."]
[Black "Hendriks, Willy"]
[Result "0-1"]
[WhiteElo "2175"]
[BlackElo "2345"]

1.e4 c5 2.Nf3 Nc6 3.d4 cxd4 4.Nxd4 e6 5.Nb5 d6 6.c4 Nf6 7.N1c3 a6 8.Na3 d5
9.exd5 exd5 10.cxd5 Nb4 11.Be2 Nfxd5 12.O-O Be6 13.Nxd5 Qxd5 14.Bf3 Qxd1
15.Rxd1 Be7 16.Bxb7 Rb8 17.Bf3 Nxa2 18.Bc6+ Kf8 19.Bf4 Rxb2 20.Rab1 Rxb1
21.Rxb1 g5 22.Be5 f6 23.Rb8+ Kg7 24.Rb7 fxe5 25.Rxe7+ Kf6 26.Rc7 Rc8 27.Rxc8 Bxc8
28.Nc4 Nb4 29.Be4 Bf5 30.Bb7 Bd3 31.Na5 Ke6 32.f3 Kd6 33.Nb3 Bc2 34.Nd2 Kc5
35.Kf2 a5 36.Bc8 a4 37.Be6 a3 38.Bb3 Bxb3 39.Nxb3+ Kc4 40.Nd2+ Kd3  0-1

[Event "Oberliga Sued W9798"]
[Site "GER"]
[Date "1998.??.??"]
[Round "?"]
[White "Srokowski, Jaroslav"]
[Black "Berend, Fred"]
[Result "1-0"]
[WhiteElo "2430"]
[BlackElo "2345"]

1.e4 c5 2.Nf3 e6 3.d4 cxd4 4.Nxd4 Nc6 5.Nb5 d6 6.c4 Nf6 7.N1c3 a6 8.Na3 Be7
9.Be2 b6 10.O-O Bb7 11.Be3 Ne5 12.f4 Ned7 13.Bf3 h6 14.Qe2 Qc7 15.h3 O-O
16.Rac1 Rac8 17.Rfd1 Rfe8 18.Bf2 Qb8 19.Nab1 Bc6 20.a4 Nc5 21.Qc2 Red8 22.b4 Ncd7
23.Nd2 Ba8 24.Qb2 Bf8 25.Be3 Nh7 26.Kh1 Be7 27.Rb1 Bf6 28.Qb3 Nhf8 29.Rdc1 Ng6
30.g3 Ne7 31.Qa3 Qc7 32.Nd1 Nc6 33.Nb3 Be7 34.b5 Ncb8 35.a5 bxa5 36.Nxa5 d5
37.Qxe7 Qxa5 38.exd5 Nf6 39.b6 Rd7 40.Qb4 Qxb4 41.Rxb4 exd5 42.Kg2 Bb7 43.c5 Nc6
44.Ra4 Re8 45.Bd4 Ne4 46.Rc2 g6 47.Nf2 Rc8 48.Ng4 h5 49.Nf6+ Nxf6 50.Bxf6 Re8
51.g4 Re6 52.g5 d4 53.Rd2 d3 54.Kf2 Kf8 55.Ra3 Nb4 56.Bxb7 Rxb7 57.Raxd3 Nxd3+
58.Rxd3 Rb8 59.Be5 Rxe5 60.fxe5 Ke7 61.Rc3 Kd8 62.Ke3 Kc8 63.Rd3 Rb7 64.Ke4 Rb8
65.Rf3 Rb7 66.Rb3  1-0

[Event "Oberliga Nord N9798"]
[Site "Germany"]
[Date "1998.??.??"]
[Round "?"]
[White "Christ, Ralf"]
[Black "Kroencke, Manfred"]
[Result "1/2-1/2"]
[WhiteElo "2270"]
[BlackElo "2185"]

1.e4 c5 2.Nf3 e6 3.d4 cxd4 4.Nxd4 Nc6 5.Nb5 d6 6.c4 Nf6 7.N1c3 a6 8.Na3 Be7
9.Be2 O-O 10.O-O b6 11.Be3 Bb7 12.Qb3 Nd7 13.Rad1 Nc5 14.Qc2 Qc7 15.f4 Nb4
16.Qd2 Nc6 17.Bf3 Rad8 18.Kh1 Bf6 19.Nab1 Na5 20.Qe2 Nd7 21.b3 Nc6 22.Rc1 Nd4
23.Qf2 Nxf3 24.gxf3 Ba8 25.Rfd1 Be7 26.Ne2 Qb7 27.Ng3 b5 28.Nd2  1/2-1/2

[Event "NRW-Liga 9798"]
[Site "Germany"]
[Date "1998.??.??"]
[Round "7.3"]
[White "Wengenroth, Walter"]
[Black "Kalka, Arkadius Georg"]
[Result "1-0"]
[WhiteElo "2140"]
[BlackElo "2320"]

1.e4 c5 2.Nf3 e6 3.d4 cxd4 4.Nxd4 Nc6 5.Nb5 d6 6.c4 Nf6 7.N1c3 a6 8.Na3 Be7
9.Be2 O-O 10.O-O Qc7 11.Be3 b6 12.Rc1 Ne5 13.f4 Ned7 14.Nab1 Bb7 15.Nd2 Rac8
16.Bf3 Qb8 17.g4 b5 18.g5 Ne8 19.cxb5 axb5 20.Nxb5 Rxc1 21.Qxc1 d5 22.Nd4 e5
23.Nf5 Bd8 24.exd5 exf4 25.Bd4 Bxg5 26.Qc3 Bf6 27.Re1 Nd6 28.Ne7+ Kh8 29.a4 Nf5
30.Nxf5 Re8 31.Rxe8+ Qxe8 32.Kf2 Qd8 33.Ne4 Bxd4+ 34.Qxd4 f6 35.Ned6 Qb8
36.Nxb7 Qxb7 37.d6 Qb3 38.Qc3 Qb6+ 39.Kg2 Qd8 40.Ne7 Nb6  1-0

[Event "Helsinki op1"]
[Site "Helsinki"]
[Date "1998.??.??"]
[Round "5"]
[White "Salimaki, Janne"]
[Black "Haapasalo, Jukka Pekka"]
[Result "1/2-1/2"]
[WhiteElo "2320"]
[BlackElo "2185"]

1.e4 c5 2.Nf3 e6 3.d4 cxd4 4.Nxd4 Nc6 5.Nb5 d6 6.Bf4 e5 7.Be3 Nf6 8.N1c3 a6
9.Na3 Be7 10.Nc4 Be6 11.Nb6 Rb8 12.Nbd5 O-O 13.Be2 Qd7 14.Nxf6+ Bxf6 15.Nd5 Bd8
16.O-O Ne7 17.Bc4 b5 18.Nxe7+ Qxe7 19.Bd5 Bb6 20.Bxb6 Rxb6 21.c3 Rc8 22.Qb3 Bxd5
23.Qxd5 Qb7 24.Rfd1 Qxd5 25.Rxd5 Kf8 26.a3 Ke7 27.Kf1 Rc4 28.f3 Ke6 29.Rad1 h5
30.Ke2 g6 31.R1d2 Rc8 32.Ke3  1/2-1/2

[Event "HUN-chT29899"]
[Site "HUN"]
[Date "1998.??.??"]
[Round "?"]
[White "Eberth, Zoltan"]
[Black "Tompa, Janos"]
[Result "0-1"]
[WhiteElo "2235"]
[BlackElo "2395"]

1.e4 c5 2.Nf3 e6 3.d4 cxd4 4.Nxd4 Nc6 5.Nb5 d6 6.c4 Nf6 7.N1c3 a6 8.Na3 Be7
9.Be3 b6 10.Be2 O-O 11.O-O Nb8 12.f3 Nbd7 13.Qe1 Bb7 14.Qf2 Rc8 15.Rfd1 Qc7
16.Rd2 Rfe8 17.Rad1 Ba8 18.Nab1 Qb8 19.c5 bxc5 20.Bxa6 Rc6 21.Bb5 Rb6 22.a4 d5
23.exd5 exd5 24.Bg5 d4 25.Bxf6 Nxf6 26.Ne2 Rd8 27.Na3 Nd5 28.Nc4 Rg6 29.Kh1 Bg5
30.Rd3 Bf4 31.g3 Bc7 32.Ng1 h5 33.Nd2 h4 34.Nf1 hxg3 35.hxg3 Bxg3 36.Nxg3 Rxg3
37.Ne2 Rh3+ 38.Kg1 Rd6  0-1

[Event "HUN-chT9899"]
[Site "HUN"]
[Date "1998.??.??"]
[Round "?"]
[White "Rigo, Janos"]
[Black "Medvegy, Nora"]
[Result "1-0"]
[WhiteElo "2325"]
[BlackElo "2325"]

1.e4 c5 2.Nf3 e6 3.d4 cxd4 4.Nxd4 Nc6 5.Nb5 d6 6.c4 Nf6 7.Bg5 a6 8.Bxf6 gxf6
9.N5c3 Qb6 10.Qd2 Bd7 11.Be2 h5 12.b3 Nd4 13.O-O Bg7 14.Bd3 Bh6 15.Qb2 Rg8
16.Kh1 Bc6 17.b4 f5 18.f3 f4 19.a4 a5 20.b5 Bd7 21.e5 Bg7 22.exd6 Qxd6 23.Ra2 b6
24.Ne4 Qe7 25.c5 bxc5 26.Qa3 Rc8 27.Nbd2 f5 28.Nc3 Kf7 29.Nc4 Ra8 30.Ne2 Rgd8
31.Nxf4 Qh4 32.g3 Qe7 33.Nxh5 Bc8 34.Nxg7 Kxg7 35.Nb6 Bb7 36.Nxa8 Nxf3 37.Qc3+ Kg8
38.Rxf3 Bxf3+ 39.Kg1 Bxa8 40.Bf1  1-0

[Event "HUN-chT9899"]
[Site "HUN"]
[Date "1998.??.??"]
[Round "?"]
[White "Nemeth, Mi"]
[Black "Horvath, Zoltan"]
[Result "0-1"]
[WhiteElo "2045"]
[BlackElo "2340"]

1.e4 c5 2.Nf3 e6 3.d4 cxd4 4.Nxd4 Nc6 5.Nb5 d6 6.c4 Nf6 7.N1c3 a6 8.Na3 Be7
9.g3 Rb8 10.Bg2 O-O 11.O-O Bd7 12.Bf4 Qc7 13.Rc1 Rfd8 14.Qd2 Be8 15.Rfd1 Qa5
16.Qe2 Rbc8 17.h3 Ne5 18.Be3 Qb4 19.Bf1 Bc6 20.Bd4 Qa5 21.c5 Ne8 22.f4 Nd7
23.Nc4 Qc7 24.cxd6 Nxd6 25.Qg4 Ne8 26.Ne3 Nef6 27.Qe2 Bc5 28.e5 Bxd4 29.Rxd4 Ne8
30.Rcd1 Nc5 31.Qd2 Rxd4 32.Qxd4 Bf3 33.Rd2 b5 34.Kf2 Ba8 35.f5 exf5 36.Nxf5 Ne6
37.Qh4 Qc5+ 38.Nd4 Rd8 39.Ne2 Qxe5 40.a3 g5 41.Qh6 Nxd4 42.Nxd4 Rxd4 43.Bd3 Nf6
44.Re2 Be4  0-1

[Event "MK Cafe Cup-B"]
[Site "Koszalin"]
[Date "1998.??.??"]
[Round "5"]
[White "Lukinov, Petr"]
[Black "Kozlowski, Waldemar"]
[Result "0-1"]
[WhiteElo "2290"]
[BlackElo "2330"]

1.e4 c5 2.Nf3 e6 3.d4 cxd4 4.Nxd4 Nc6 5.Nb5 d6 6.c4 Nf6 7.N1c3 a6 8.Na3 Be7
9.Be2 O-O 10.O-O Ne5 11.Be3 b6 12.Qd4 Ned7 13.Rfd1 Bb7 14.f3 Qc7 15.Rac1 Rac8
16.Kh1 Rfe8 17.Qd2 Qb8 18.Bf1 Kh8 19.Qf2 Bd8 20.b4 Bc7 21.g3 Ne5 22.Bg2 d5
23.cxd5 exd5 24.Nxd5 Bxd5 25.exd5 Neg4 26.fxg4 Nxg4 27.Qd2 Nxe3 28.d6 Bxd6
29.Rxc8 Qxc8 30.Qxd6 Nxd1 31.Qxd1 h6 32.Nc2 Qe6 33.a3 Qe2 34.Bf3 Qf2 35.Qd3 Rc8
36.Be4 g6 37.g4 Rxc2 38.Qd8+ Kg7  0-1

[Event "SCO-ch"]
[Site "Largs"]
[Date "1998.??.??"]
[Round "5"]
[White "Mannion, Stephen R"]
[Black "Bryson, Douglas M"]
[Result "1/2-1/2"]
[WhiteElo "2370"]
[BlackElo "2385"]

1.e4 c5 2.Nf3 e6 3.d4 cxd4 4.Nxd4 Nc6 5.Nb5 d6 6.c4 Nf6 7.N1c3 a6 8.Na3 Be7
9.Be2 O-O 10.O-O Qc7 11.Be3 Rd8 12.Rc1 Ne5 13.f4 Ned7 14.Bf3 Rb8 15.Qe2 b6
16.Nc2 Bb7 17.Nd4 Rbc8 18.b3 Re8 19.Rfd1 Qb8 20.Bf2 Bf8 21.Bh4 e5 22.fxe5 Rxe5
23.Bg3 Ree8 24.Nf5 Ne5 25.Qd2 Re6 26.Nd5 Bxd5 27.cxd5 Ree8 28.Bh4 Nfd7 29.Bg5 h6
30.Be3 Kh7 31.Rf1 Rxc1 32.Rxc1 Rc8 33.Be2 b5 34.Rc2 Rxc2 35.Qxc2 g6 36.Nd4 Bg7
37.b4 Nf6 38.h3 Qe8 39.Kh1 Ned7 40.Bf3 Ne5 41.Bf2  1/2-1/2

[Event "POR-ch (Women)"]
[Site "Lisbon"]
[Date "1998.??.??"]
[Round "5"]
[White "Oliveira, Vera"]
[Black "Carvalho, Alda"]
[Result "1/2-1/2"]
[WhiteElo "2025"]
[BlackElo "2110"]

1.e4 c5 2.Nf3 e6 3.d4 cxd4 4.Nxd4 Nc6 5.Nb5 d6 6.c4 a6 7.N5a3 b6 8.Nc3 Bb7
9.Be3 Nf6 10.Be2 Nb8 11.Bf3 Nbd7 12.Bf4 Nc5 13.Qc2 e5 14.Be3 Nfd7 15.Bg4 Nf6
16.Bf3 Be7 17.O-O O-O 18.Rfd1 Rc8 19.Rac1 Nfd7 20.Qe2 Rc7 21.b4 Ne6 22.Bg4 Rc8
23.Nd5 Bg5 24.Bxe6 fxe6 25.Qg4 exd5 26.Bxg5 Nf6 27.Qe6+ Rf7 28.cxd5 Rxc1
29.Rxc1 Qf8 30.Bxf6 gxf6 31.Qg4+ Rg7 32.Qe2 f5 33.f3 f4 34.Nc4 Bc8 35.Kh1 Rc7
36.Rc2 b5 37.Na5 Qd8 38.Nc6 Qd7 39.Rc3 Bb7 40.Qc2 Rc8 41.Ne7+ Qxe7 42.Rxc8+ Bxc8
43.Qxc8+ Kg7 44.Qxa6 Qh4 45.Qa7+ Kg6 46.Qg1 Qd8 47.g3 fxg3 48.Qxg3+ Kf7 49.Qh3 Kg7
50.Qg2+ Kf7 51.Qc2 Qf6 52.Qe2 Qf4 53.Qf2 Qc1+ 54.Kg2 Qg5+ 55.Kf1 Qc1+ 56.Kg2 Qg5+
57.Kh1 Qc1+ 58.Qg1 Qc3 59.Qg4 Qxb4 60.Qh5+ Kg7 61.Qg5+ Kf7 62.Qf5+ Kg7  1/2-1/2

[Event "Moscow-ch op"]
[Site "Moscow"]
[Date "1998.??.??"]
[Round "5"]
[White "Hait, Alexander"]
[Black "Zaitsev, Mikhail"]
[Result "1/2-1/2"]
[WhiteElo "2420"]
[BlackElo "2270"]

1.e4 c5 2.Nf3 e6 3.d4 cxd4 4.Nxd4 Nc6 5.Nb5 d6 6.Bf4 e5 7.Be3 Nf6 8.Bg5 a6
9.Bxf6 gxf6 10.N5c3 f5 11.Bc4 Qg5 12.g3 Be6 13.Nd5 Rc8 14.Nd2 Bg7 15.c3 O-O
16.a4 Qg6 17.exf5 Bxf5 18.O-O Be6 19.Qe2 f5 20.f4 Qf7 21.Nb6 Rcd8 22.fxe5 dxe5
23.Nf3 Bxc4 24.Qxc4 Bh6 25.Rae1 Qxc4 26.Nxc4 e4 27.Nh4 Ne7 28.g4 b5 29.axb5 axb5
30.Na3 Rd2 31.gxf5 e3 32.Nxb5 Rxb2 33.Nd4 Kf7 34.Re2 Rg8+ 35.Ng2 Rxe2 36.Nxe2 Rd8
37.Nd4 Nd5 38.Ne2 Nf6 39.h3 Rd2 40.Re1 Ne4 41.Nef4 Nxc3 42.Rxe3 Nd5 43.Nxd5 Rxd5  1/2-1/2

[Event "EU-ch U18"]
[Site "Murek"]
[Date "1998.??.??"]
[Round "2"]
[White "Blehm, Pawel"]
[Black "Shavtvaladze, Nikoloz"]
[Result "1/2-1/2"]
[WhiteElo "2420"]
[BlackElo "2215"]

1.e4 c5 2.Nf3 e6 3.d4 cxd4 4.Nxd4 Nc6 5.Nb5 d6 6.c4 Nf6 7.N5c3 Be7 8.g3 b6
9.Bg2 Bb7 10.O-O O-O 11.b3 a6 12.Bb2 Qc7 13.Na3 Rac8 14.Nc2 Qb8 15.Nd4 Rfd8
16.Rc1 Ba8 17.Nxc6 Bxc6 18.Re1 Bf8 19.a3 Qb7 20.Qe2 Nd7 21.b4 Qa8 22.h3 Re8
23.Nb1 b5 24.Nd2 bxc4 25.Qxc4 Nb6 26.Qd4 Na4 27.Ba1 e5 28.Qe3 Bb5 29.Nf1 Be7
30.h4 Rxc1 31.Rxc1 Rc8 32.Qd2 Rxc1 33.Qxc1 Qc6 34.Qxc6 Bxc6 35.Ne3 Nb6 36.Kf1 g6
37.Ke2  1/2-1/2

[Event "EU-ch U18 Girls"]
[Site "Murek"]
[Date "1998.??.??"]
[Round "7"]
[White "Kaps, Darja"]
[Black "Gvetadze, Sofio"]
[Result "1/2-1/2"]
[WhiteElo "2155"]
[BlackElo "2165"]

1.e4 c5 2.Nf3 e6 3.d4 cxd4 4.Nxd4 Nc6 5.Nb5 d6 6.c4 Nf6 7.N1c3 a6 8.Na3 Be7
9.Be2 O-O 10.O-O b6 11.Be3 Ne5 12.f3 Bb7 13.Qd4 Ned7 14.Rfd1 Qc7 15.Rac1 Rac8
16.Bf1 Qb8 17.Qd2 Rfe8 18.Nc2 Bd8 19.Qf2 Bc7 20.Kh1 Qa8 21.Rd2 Kh8 22.Rcd1 Qb8
23.h3 Nc5 24.Bf4 Bxe4 25.Bxd6 Bxc2 26.Bxc7 Qxc7 27.Rxc2 e5 28.Nd5 Nxd5 29.Rxd5 Ne6
30.Rcd2 Nd4 31.Bd3 f6 32.b3 Qe7 33.Qh4 g5 34.Qg4 Rc7 35.Bf5 Qa3 36.Kh2 Qc1
37.R5xd4 exd4 38.Qxd4 Rf7 39.Be4 Kg7 40.a4 Ree7 41.Qd8 Qc3 42.Rd6 Qe5+ 43.Kh1 Re6
44.Rxb6 Rxb6 45.Qxb6 f5 46.Bd5 Re7 47.Qd8 Qe1+ 48.Kh2 Qe5+ 49.Kh1 Qa1+ 50.Kh2 Qe5+
51.Kh1  1/2-1/2

[Event "RUS-ch sf"]
[Site "Novosibirsk"]
[Date "1998.??.??"]
[Round "?"]
[White "Sutyrin, D."]
[Black "Sidorova, Elena"]
[Result "1-0"]
[WhiteElo "2180"]
[BlackElo "2260"]

1.e4 c5 2.Nf3 e6 3.d4 cxd4 4.Nxd4 Nc6 5.Nb5 d6 6.c4 Nf6 7.N1c3 a6 8.Na3 Be7
9.Be2 O-O 10.O-O b6 11.Be3 Ne5 12.f3 Qc7 13.Qd2 Kh8 14.Rac1 Bb7 15.Kh1 Rg8
16.Rfd1 Nfd7 17.f4 Ng6 18.e5 Nh4 19.Bf1 Qc6 20.exd6 Bf8 21.Nc2 Rd8 22.Qf2 Nf5
23.Bd3 g6 24.Be4 Qc8 25.Qf3 Bxe4 26.Nxe4 Kg7 27.Bd2 f6 28.Be3 Kf7 29.b3 Qb8
30.Nd4 Nxd4 31.Bxd4 Bg7 32.Rf1 Rge8 33.Rce1 Kg8 34.Qc3 e5 35.fxe5 fxe5 36.Be3 Rf8
37.Qd3 Nf6 38.Bg5 Nxe4 39.Qd5+ Kh8 40.Bxd8 Rxd8 41.Qxe4 Qxd6 42.Qg4 h5 43.Qe2 Qe6
44.Rd1 Rxd1 45.Rxd1 Kh7 46.h3 Qf6 47.Qf3 Qe7 48.Qc6 Qb4 49.Qd6 Qa5 50.a3 e4
51.Qe7 Qc3 52.Qxe4 Qxb3 53.Rd6 Qg3 54.Re6 Bf8 55.Qf3 Qxf3 56.gxf3 Bc5 57.a4 a5
58.Kg2 Kg7 59.Kf1 Kh6 60.Re5 Kg7 61.Ke2 Kf6 62.Rd5 Bb4 63.Kd3 Bc5 64.Ke4 Bf2
65.Rd6+ Kg7 66.Kd5 Kh6 67.f4 h4 68.f5  1-0

[Event "Plzen opJ"]
[Site "Plzen"]
[Date "1998.??.??"]
[Round "5"]
[White "Starostits, Ilmas"]
[Black "Teterev, Vitalij"]
[Result "1-0"]
[WhiteElo "2330"]
[BlackElo "2040"]

1.e4 c5 2.Nf3 e6 3.d4 cxd4 4.Nxd4 Nc6 5.Nb5 d6 6.c4 Nf6 7.N1c3 a6 8.Nd4 Be7
9.Be2 d5 10.Nxc6 bxc6 11.cxd5 cxd5 12.exd5 Nxd5 13.Nxd5 exd5 14.O-O O-O 15.Be3 Rb8
16.Bd4 Bf6 17.b3 Re8 18.Bf3 Be6 19.Rc1 Bxd4 20.Qxd4 Qa5 21.Rc2 Rbc8 22.Rd2 Red8
23.h3 h6 24.Rfd1 Rc3 25.Qf4 Qc5 26.Qd4 Qc7 27.Qa4 Qe5 28.Qa5 Rd6 29.Re2 Qf6
30.Qb4 Rcc6 31.Qb8+ Rd8 32.Qb7 Rcd6 33.Rd3 d4 34.Be4 g6 35.Rf3 Qg7 36.Rg3 d3
37.Rd2 Bc8 38.Qb4 Rd4 39.Qb6 Re8 40.Bxg6 Re1+ 41.Kh2 Re6 42.Bxf7+  1-0

[Event "NLD-ch (Women)"]
[Site "Rheden"]
[Date "1998.??.??"]
[Round "1"]
[White "Bos Swiecik, Iwona"]
[Black "De Kleuver, Esther"]
[Result "1-0"]
[WhiteElo "2125"]
[BlackElo "2190"]

1.e4 c5 2.Nf3 e6 3.d4 cxd4 4.Nxd4 Nc6 5.Nb5 d6 6.Bf4 e5 7.Be3 Be6 8.N1c3 a6
9.Na3 Nf6 10.Bg5 Be7 11.Bxf6 Bxf6 12.Nd5 Qa5+ 13.c3 Bxd5 14.Qxd5 Qxd5 15.exd5 Ne7
16.Nc4 O-O-O 17.O-O-O Kc7 18.Kc2 b5 19.Ne3 Kb6 20.h4 Rc8 21.Be2 Rc5 22.Kb3 Rb8
23.g4 h6 24.Bf3 a5 25.Be4 Kc7 26.Rdg1 Nc8 27.g5 hxg5 28.hxg5 Be7 29.Rh7 Bf8
30.Nf5 Nb6 31.Nxg7 Bxg7 32.Rxg7 b4 33.Rxf7+ Nd7 34.c4 a4+ 35.Kc2 Rxc4+ 36.Kd3 Rd4+
37.Ke3 Rd8 38.g6 Kb6 39.g7  1-0

[Event "Rio de Janeiro op"]
[Site "Rio de Janeiro"]
[Date "1998.??.??"]
[Round "1"]
[White "Medvegy, Zoltan"]
[Black "Vescovi, Giovanni"]
[Result "0-1"]
[WhiteElo "2350"]
[BlackElo "2480"]

1.e4 c5 2.Nf3 e6 3.d4 cxd4 4.Nxd4 Nc6 5.Nb5 d6 6.Bf4 e5 7.Be3 Nf6 8.Bg5 Be6
9.N1c3 a6 10.Bxf6 gxf6 11.Na3 d5 12.exd5 Bxa3 13.bxa3 Qa5 14.Qd2 O-O-O 15.Bc4 Rhg8
16.O-O-O Qxa3+ 17.Kb1 Nd4 18.Ka1 Bf5 19.Bd3 Bxd3 20.Qxd3 Kb8 21.Ne4 Qxd3
22.Rxd3 f5 23.Nd2 Rxd5 24.Kb1 Rxg2 25.Nf3 Rb5+ 26.Kc1 Ne2+ 27.Kd2 Nf4  0-1

[Event "BRA-ch"]
[Site "Rio de Janeiro"]
[Date "1998.??.??"]
[Round "11"]
[White "Limp, Eduardo"]
[Black "Vescovi, Giovanni"]
[Result "1/2-1/2"]
[WhiteElo "2415"]
[BlackElo "2480"]

1.e4 c5 2.Nf3 e6 3.d4 cxd4 4.Nxd4 Nc6 5.Nb5 d6 6.c4 Nf6 7.N1c3 a6 8.Nd4 Be7
9.Be2 O-O 10.O-O Qc7 11.Be3 Ne5 12.Rc1 b6 13.f4 Ng6 14.Bd3 Qb7 15.Qf3 e5
16.Nf5 exf4 17.Bxf4 Bxf5 18.exf5 Qxf3 19.Rxf3 Nxf4 20.Rxf4 d5 21.Kh1 Bc5
22.Rd1 dxc4 23.Bxc4 Rfe8 24.Be2 b5 25.a3 Rac8 26.Rd3 Re5 27.g4 Rce8 28.Bf3 Be3
29.Rb4 Bc5 30.Rf4 Re1+ 31.Kg2 Be3 32.Rb4 Bc5 33.Rf4 Rg1+ 34.Kh3 Be3 35.Rb4 Bc5
36.Rf4 Be3 37.Rb4 h6 38.Ne4 Nxe4 39.Rxe4 Rxe4 40.Rd8+ Kh7 41.Bxe4 f6 42.Kh4 Bb6
43.Rb8 Bc7 44.Rc8 Bxh2 45.Bd5 g6 46.fxg6+ Kxg6 47.Rg8+ Kh7 48.Ra8 Bg3+ 49.Kh5 Rc1
50.Be4+ Kg7 51.Rxa6 Rc5+ 52.Bf5 Rc1 53.Ra7+ Rc7 54.Rxc7+ Bxc7  1/2-1/2

[Event "SWE-ch qualB"]
[Site "Ronneby"]
[Date "1998.??.??"]
[Round "?"]
[White "Norqvist, Jorgen"]
[Black "Eriksson, Anders"]
[Result "0-1"]
[WhiteElo "2125"]
[BlackElo "2290"]

1.e4 c5 2.Nf3 e6 3.d4 cxd4 4.Nxd4 Nc6 5.Nb5 d6 6.Bf4 e5 7.Be3 a6 8.N5c3 Nf6
9.Bc4 Be7 10.Nd5 Nxd5 11.Bxd5 O-O 12.h4 Nb4 13.Bb3 Be6 14.Nc3 Rc8 15.a3 Bxb3
16.cxb3 Nc6 17.Nd5 Nb8 18.Qg4 Kh8 19.Bg5 Nc6 20.Rc1 f6 21.Be3 f5 22.exf5 Qa5+
23.Nc3 d5 24.b4 Qd8 25.Rd1 d4 26.Ne4 Qd7 27.Bg5 h6 28.Ng3 Qd5 29.Bxe7 Nxe7
30.O-O Rc2 31.Rc1 d3 32.Rxc2 dxc2 33.f6 Rxf6 34.Qe2 Rc6 35.Rc1 Ng6 36.Nh5 Nxh4
37.f3 Nf5 38.Kh2 Nd4 39.Qd3 e4 40.Qxd4  0-1

[Event "Staufer op 10th"]
[Site "Schwaebisch Gmuend"]
[Date "1998.??.??"]
[Round "6"]
[White "Zeller, Frank"]
[Black "Ksieski, Zbigniew"]
[Result "1/2-1/2"]
[WhiteElo "2455"]
[BlackElo "2410"]

1.e4 c5 2.Nf3 e6 3.d4 cxd4 4.Nxd4 Nc6 5.Nb5 d6 6.c4 Nf6 7.N1c3 a6 8.Na3 b6
9.Be2 Bb7 10.Be3 Be7 11.O-O O-O 12.Qb3 Nd7 13.Rfd1 Ra7 14.Rd2 Ba8 15.Qd1 Qb8
16.Rc1 Nf6 17.f3 Re8  1/2-1/2

[Event "RUS-ch"]
[Site "Sochi"]
[Date "1998.??.??"]
[Round "1"]
[White "Gruzmann, Boris"]
[Black "Shestoperov, Aleksej"]
[Result "1/2-1/2"]
[WhiteElo "2290"]
[BlackElo "2415"]

1.e4 c5 2.Nf3 e6 3.d4 cxd4 4.Nxd4 Nc6 5.Nb5 d6 6.Bf4 e5 7.Be3 a6 8.N5c3 Nf6
9.Be2 Be7 10.a4 Be6 11.O-O O-O 12.Na3 Nb4 13.Bg5 d5 14.Bxf6 Bxf6 15.exd5 Nxd5
16.Nxd5 Bxd5 17.Nc4 Bc6 18.Qxd8 Raxd8 19.a5 e4 20.c3 Rd5 21.Rfd1 Rfd8 22.Rxd5 Rxd5
23.Rd1  1/2-1/2

[Event "POL-ch U20"]
[Site "Trzebinia"]
[Date "1998.??.??"]
[Round "1"]
[White "Blehm, Pawel"]
[Black "Hnydiuk, Aleksander"]
[Result "1/2-1/2"]
[WhiteElo "2380"]
[BlackElo "2355"]

1.e4 c5 2.Nf3 e6 3.d4 cxd4 4.Nxd4 Nc6 5.Nb5 d6 6.c4 Nf6 7.N5c3 Be7 8.g3 b6
9.Bg2 Bb7 10.O-O O-O 11.b3 Nd7 12.Na3 Nc5 13.Nc2 Bf6 14.Bb2 a5 15.Rb1 Nb4
16.a3 Nxc2 17.Qxc2 Rc8 18.Rbd1 Qe7 19.Rfe1 Rfd8 20.Bc1 Bc6 21.Nd5 Bxd5 22.exd5 e5
23.Be3 Qb7 24.b4 axb4 25.axb4 Nd7 26.Qe2 g6 27.h4 Bg7 28.h5 f5 29.Rb1 Qc7
30.Rec1 Re8 31.hxg6 hxg6 32.Qa2 Qd8 33.c5 bxc5 34.bxc5 f4 35.gxf4 exf4 36.Bxf4 Nxc5
37.Qa3 Be5 38.Bd2 Qf6 39.Qh3 Rb8 40.Be3 Bd4 41.Bxd4 Qxd4 42.Rxb8 Rxb8 43.Re1 Rf8  1/2-1/2

[Event "POL-chT2"]
[Site "Wisla"]
[Date "1998.??.??"]
[Round "?"]
[White "Szkatula, Leszek"]
[Black "Kardys, Zbigniew"]
[Result "1/2-1/2"]
[WhiteElo "2295"]
[BlackElo "2180"]

1.e4 c5 2.Nf3 Nc6 3.d4 cxd4 4.Nxd4 e6 5.Nb5 d6 6.c4 Nf6 7.N5c3 a6 8.Be2 Be7
9.O-O O-O 10.Bf4 Qc7 11.Re1 Ne5 12.Nd2 b6 13.Bf1 Bb7 14.Rc1 Rac8 15.Bg3 Rfd8
16.b3 Qb8 17.Nf3 Bc6 18.Nd4 Ba8 19.f3 Nh5 20.Bf2 Nf4 21.g3 Nfg6 22.f4 Nc6
23.Nf3 Nf8 24.Qe2 Nd7 25.Bg2 Nc5 26.Red1  1/2-1/2

[Event "POL-chT2"]
[Site "Wisla"]
[Date "1998.??.??"]
[Round "?"]
[White "Stefanek, Piotr"]
[Black "Goj, Artur"]
[Result "1-0"]
[WhiteElo "2215"]
[BlackElo "2350"]

1.e4 c5 2.Nf3 e6 3.d4 cxd4 4.Nxd4 Nc6 5.Nb5 d6 6.c4 Nf6 7.N1c3 a6 8.Na3 b6
9.Be3 Be7 10.g3 Bb7 11.Bg2 O-O 12.O-O Qc7 13.Rc1 Ne5 14.Kh1 Rac8 15.f4 Ned7
16.Qe2 Qb8 17.Bg1 Rfe8 18.Nab1 Bf8 19.Nd2 Qa8 20.Rfe1 Bc6 21.g4 g6 22.Bf3 h6
23.Bf2 Nh7 24.Rg1 g5 25.Be3 Be7 26.Rcf1 Rb8 27.h4 b5 28.Qh2 Kg7 29.Ne2 bxc4
30.Ng3 Rg8 31.Nxc4 gxh4 32.Nh5+ Kf8 33.f5 e5 34.Bxh6+ Ke8 35.Re1 Ng5 36.Bxg5 Rxg5
37.Qd2 f6 38.Rg2 Nc5 39.b4 Nb7 40.Rh2 Rd8 41.Rxh4 a5 42.b5 Bxb5 43.Nb6 Qa7
44.Nd5 Kf7 45.Nhxf6 Rg7 46.g5  1-0

[Event "EUCup final (Women)"]
[Site "Wuppertal"]
[Date "1998.??.??"]
[Round "1"]
[White "Sedina, Elena"]
[Black "Borulia, Ekaterina"]
[Result "1/2-1/2"]
[WhiteElo "2380"]
[BlackElo "2375"]

1.e4 c5 2.Nf3 e6 3.d4 cxd4 4.Nxd4 Nc6 5.Nb5 d6 6.c4 Nf6 7.N1c3 a6 8.Na3 Be7
9.Be2 O-O 10.O-O Bd7 11.Be3 b6 12.Rc1 Qb8 13.Qd2 Ra7 14.Rfd1 Rd8 15.Nc2 Rb7
16.Bf4 Be8 17.a4 Ne5 18.Ne3 Nfd7 19.Bg3 Nc5 20.Qc2 Nc6 21.Rd2 Nb4 22.Qd1 Bc6
23.f3 Bg5 24.f4 Bf6 25.Bf3 Rbd7 26.Ng4 Be7 27.Nf2 Qa8 28.Ra1 d5 29.exd5 exd5
30.cxd5 Nxd5 31.Nxd5 Bxd5 32.Bxd5 Rxd5 33.Rxd5 Qxd5 34.Qe2 Qe6 35.Qxe6 fxe6
36.b4 Nb3 37.Rb1 Nd2 38.Re1 Kf7 39.b5 a5 40.Ng4 Bc5+ 41.Bf2 Ne4 42.Ne5+ Kf6
43.Bxc5 Nxc5 44.Nc4 Rb8 45.Nb2 Kf5 46.g3 Rd8 47.Nc4 Nxa4 48.Ra1 Nc3 49.Nxb6  1/2-1/2